00189nam a22000857a 4500082001900000100001900019245003500038260002200073300000800095 a624.1760212YOU aYoung C Warren aFormulas for stress and strain bMcGrwa Hillc1975 a624